000 00821nam a2200253Ia 4500
003 OSt
005 20221005093010.0
006 a|||||r|||| 00| 0
007 ta
008 221004b |||||||| |||| 00| 0 eng d
020 _a0789017547 (pbk)
_c1774.57
024 _a87354
037 _b11592, 16/03/2007, Govinda Book House
_cTextual
040 _aCRL
_cCRL
_beng
041 _2eng
_aeng
082 _a2;46:8(D65,8(B)), P4
100 _aFowler David C.
_9618023
245 0 _aE-serials collection management
_b transitions, trends and technicalities
260 _aNew York
_bThe Haworth Press USA
_c2004
300 _axx,279p.
_ccm.
650 _aLIBRARY SCIENCE
942 _h2;46:8(D65,8(B)), P4
_cTEXL
_2cc
999 _c999688
_d999688